| 000 | 01084cam a22001934a 4500 | ||
|---|---|---|---|
| 005 | 20250605164354.0 | ||
| 008 | 250528s ||||||||||||||||||||||||d | ||
| 035 | _a24231 | ||
| 040 |
_aGR-AtMCL _bgre _dGR-AtMCL _eAACR2 |
||
| 245 | 1 | _aReview of Clinical Pharmacology and Pharmacokinetics | |
| 260 |
_bInternational Edition, _c2018 |
||
| 300 | _a36 | ||
| 520 | _aThe Role of Macrophages in the Inflammatory Phase during Wound Healing, Visual Investigation of Skin Lesions Using Different Types of Digital and UV Camera in Dermatology and Aesthetics: Comparative Analysis in Different Types of Acne - An Experimental Study, Cavitation: A Local Fat Treatment Method with Effect of Ultra-Sound, Fetal Acidosis and Fetal Hypoxia and Cardiotocographic Features, Falls in Elderly Population: Epidemiology and Causes and Prenentive Interventions, Abnormalities of the Umbilical Cord and Cardiotocographic Features in Pregnancy and Labour. | ||
| 700 | 1 |
_aPlessas Charalampos T _99426 |
|
| 700 | 1 |
_aPlessas Stavros T _99427 |
|
| 942 | _cCR | ||
| 999 |
_c9124 _d9124 |
||